LEADER 01384nas a2200337 i 4500 001 991002479929707536 005 20231114121016.0 008 011205m19519999 || | |spa 022 $a0570-7218 035 $ab11666092-39ule_inst 035 $aocm00000003$9ExL 080 $aCDU 82 080 $aCDU 323.4 229 0$aArchivum 245 00$aArchivum /$cUniversidad de Oviedo. Facultad de Filosofía y Letras. - 1951- 260 $aOviedo,$c1951- 500 $aDal 1990 il complemento del titolo cambia in: Revista de la Facultad de Filologia 591 $aCodice CNR: P 00092344 592 $aLE002 1971-1976; 1979-1982; 1984- 710 2 $aUniversidad de Oviedo.$bFacultad de Filosofía y Letras 780 00$tRevista de letras [Oviedo] 907 $a.b11666092$b02-04-14$c08-07-02 912 $a991002479929707536 945 $aLE002 SP 020 945 $aLE002 Per. Str. 106$g1$lle002$o-$pE0.00$q-$rr$s- $t18$u0$v0$w0$x0$y.i11890125$z08-07-02 945 $aLE002$ca. 2000-2001$g1$lle002$on$pE70.00$q-$rl$s- $t18$u0$v0$w0$x0$y.i13119230$z27-02-04 945 $ca. 2002-2003 $g1$lle002$on$pE70.00$q-$rn$so $t18$u0$v0$w0$x0$y.i14000039$z07-02-05 945 $aLE002$ca. 2004-2005$g1$lle002$on$pE50.00$q-$rn$so $t18$u0$v0$w0$x0$y.i14272179$z19-07-06 996 $aARCHIVUM$9485719 997 $aUNISALENTO 998 $ale002$b01-01-01$cs$da $e-$fspa$gxx $h0$i1 LEADER 02804nam 2200601 a 450 001 9910779062403321 005 20200520144314.0 010 $a1-58901-803-6 035 $a(CKB)2550000000088202 035 $a(EBL)877175 035 $a(OCoLC)778431723 035 $a(SSID)ssj0000570489 035 $a(PQKBManifestationID)11364040 035 $a(PQKBTitleCode)TC0000570489 035 $a(PQKBWorkID)10593007 035 $a(PQKB)10439227 035 $a(MdBmJHUP)muse894 035 $a(Au-PeEL)EBL877175 035 $a(CaPaEBR)ebr10521492 035 $a(MiAaPQ)EBC877175 035 $a(EXLCZ)992550000000088202 100 $a20110223d2011 uy 0 101 0 $aeng 135 $aur|n|---||||| 181 $ctxt 182 $cc 183 $acr 200 00$aCommunicating the word$b[electronic resource] $erevelation, translation, and interpretation in Christianity and Islam : a record of the seventh Building Bridges seminar convened by the Archbishop of Canterbury Rome, May 2008 /$fDavid Marshall, editor 210 $aWashington, D.C. $cGeorgetown University Press$d2011 215 $a1 online resource (205 p.) 300 $aDescription based upon print version of record. 311 $a1-58901-784-6 320 $aIncludes bibliographical references and index. 327 $apt 1. Particularity, universality, and finality in revelation -- pt. 2. Translating the word? -- pt. 3. Methods and authority in interpretation. 330 $aCommunicating the Word is a record of the 2008 Building Bridges seminar, an annual dialogue between leading Christian and Muslim scholars convened by the Archbishop of Canterbury. Featuring the insights of internationally known Christian and Muslim scholars, the essays collected here focus attention on key scriptural texts but also engage with both classical and contemporary Islamic and Christian thought. Issues addressed include, among others, the different ways in which Christians and Muslims think of their scriptures as the ""Word of God,"" the possibilities and challenges of translating sc 606 $aIslam$xRelations$xChristianity$vCongresses 606 $aChristianity and other religions$xIslam$vCongresses 606 $aRevelation$xIslam$vCongresses 606 $aRevelation$xChristianity$vCongresses 615 0$aIslam$xRelations$xChristianity 615 0$aChristianity and other religions$xIslam 615 0$aRevelation$xIslam 615 0$aRevelation$xChristianity 676 $a261.2/7 701 $aMarshall$b David$f1963-$01529657 712 12$aBuilding Bridges Seminar$d(7th :$f2008 :$eRome, Italy) 801 0$bMiAaPQ 801 1$bMiAaPQ 801 2$bMiAaPQ 906 $aBOOK 912 $a9910779062403321 996 $aCommunicating the word$93810856 997 $aUNINA